Fundamentos del entrenamiento deportivo
Gardado en:
| Autor Principal: | |
|---|---|
| Formato: | Libro |
| Idioma: | Lingua castelá |
| Publicado: |
Barcelona
Paidotribo
1994
|
| Edición: | 2a. ed |
| Series: | Colección Deporte y Entrenamiento
|
| Subjects: | |
| Tags: |
Engadir etiqueta
Sen Etiquetas, Sexa o primeiro en etiquetar este rexistro!
|
MARC
| LEADER | 00000nam a2200000 a 4500 | ||
|---|---|---|---|
| 001 | UCS2478 | ||
| 003 | CL-VaPUC | ||
| 008 | 970530e19940000SP |||||||||||||||||spa|d | ||
| 082 | 0 | 4 | |a 796.077 |b MAN |2 21 |
| 100 | |a Manno, Renato |e autor |9 590458 | ||
| 245 | 1 | 0 | |a Fundamentos del entrenamiento deportivo |
| 250 | |a 2a. ed | ||
| 300 | |a 300 p | ||
| 942 | |c BK | ||
| 945 | |d 19970530 00:00:00 |a rleighto | ||
| 260 | |a Barcelona |b Paidotribo |c 1994 | ||
| 650 | 7 | |a ENTRENAMIENTO FISICO |2 CL-VaPUC |9 307393 | |
| 650 | 7 | |a ENTRENAMIENTO ATLETICO |2 CL-VaPUC |9 387940 | |
| 650 | 0 | |a Actividad física |9 362156 | |
| 650 | 0 | |a Educación física |9 240893 | |
| 583 | |a last modification |c 19970530 00:00:00 |k Rodrigo Vera | ||
| 490 | 0 | |a Colección Deporte y Entrenamiento | |
| 999 | |c 260431 |d 260429 | ||
| 952 | |0 0 |1 0 |4 0 |6 796_077000000000000_MAN_1994 |7 0 |8 A |9 286575 |a BIBEDU |b BIBEDU |d 2019-11-19 |i 3313301 |o 796.077 MAN 1994 |p 3313301 |r 2019-11-19 |w 2019-11-19 |y BK |k EFI | ||